Java Web magic (Record no. 6161)

000 -LEADER
fixed length control field 00747 a2200193 4500
020 ## - INTERNATIONAL STANDARD BOOK NUMBER
International Standard Book Number 1568303416
040 ## - CATALOGING SOURCE
Original cataloging agency DLC
Language of cataloging DLC
082 00 - DEWEY DECIMAL CLASSIFICATION NUMBER
Classification number 005.3762
100 1# - MAIN ENTRY--PERSONAL NAME
Personal name Sinclair, Joseph T.
245 10 - TITLE STATEMENT
Title Java Web magic
Statement of responsibility, etc. Joseph T. Sinclair and Lee Callister.
260 ## - PUBLICATION, DISTRIBUTION, ETC.
Place of publication, distribution, etc. Indianapolis, IN :
Name of publisher, distributor, etc. Hayden Books,
Date of publication, distribution, etc. c1997.
300 ## - PHYSICAL DESCRIPTION
Extent x, 224 p. :
Other physical details col. ill. ;
Dimensions 23 cm. +
Accompanying material 1 computer laser optical disc (4 3/4 in.)
538 ## - SYSTEM DETAILS NOTE
System details note System requirements Windows: 486 PC with 8MB RAM, CD-ROM drive, Windows 95.
538 ## - SYSTEM DETAILS NOTE
System details note System requirements Macintosh: 68030, 68040 or Power PC Processor, System 7 or later, 8MB RAM.
650 #0 - SUBJECT ADDED ENTRY--TOPICAL TERM
Topical term or geographic name entry element Java (Computer program language)
650 #0 - SUBJECT ADDED ENTRY--TOPICAL TERM
Topical term or geographic name entry element Web sites
General subdivision Design.
700 1# - ADDED ENTRY--PERSONAL NAME
Personal name Callister, Lee.
942 ## - ADDED ENTRY ELEMENTS (KOHA)
Koha item type Book
Call number prefix 005.3762 SIN
Source of classification or shelving scheme
Holdings
Withdrawn status Lost status Damaged status Not for loan Collection code Permanent Location Current Location Shelving location Date acquired Total Checkouts Full call number Barcode Date last seen Price effective from Koha item type
          Central Library (CL) Central Library (CL) First Floor - Software Engineering/ Programming Language 06/09/2001   005.3762 SIN SEECS000878 11/14/2012 01/05/2017 Book
© 2023 Central Library, National University of Sciences and Technology. All Rights Reserved.